Slovenská bluegrassová asociácia udelila výročné ceny Country Grammy

Bibliographic Details
Main Author: Erdziak, Pavol, 1950- (Author)
Format: Article
Language:Slovak
PhysicalDescription:Fotogr.
Subjects:

MARC

LEADER 00000nab a2200000 a 4500
001 vtls000759383
003 SK-MaSNL
005 20260302192524.0
008 180206c2001 xo 0 slo
015 |a SNBRB2001/06-16910 
035 |a CLN000111170 
040 |a SNKBUCL  |b slo  |c SNKBUCL  |e AACR2 
041 0 |a slo 
044 |a xo  |c SK 
080 |a 78:06.068(437.6)  |2 UDC-MRF-SK2 
080 |a 06.068(437.6):78  |2 UDC-MRF-SK2 
100 1 |a Erdziak, Pavol,  |d 1950-  |4 aut  |9 115713 
245 1 0 |a Slovenská bluegrassová asociácia udelila výročné ceny Country Grammy  |c Pavol Erdziak 
300 |b Fotogr. 
610 7 |a Slovenská bluegrassová asociácia  |x ceny hudobné  |y za r. 2000  |2 snkbucl  |9 909799 
655 7 |a články z novín a časopisov  |2 snkbucl  |9 267496 
773 0 |t Muzikant  |g Roč. 2, č. 4 (2001), s. 8-9 
850 |a Slovenská národná knižnica v Martine 
852 |a SNK  |b KIS3GCP 
958 |a RBX 
999 |c 1441082  |d 1443012